| 000 | 00540nam a2200169 a 4500 | ||
|---|---|---|---|
| 001 | 000042488 | ||
| 005 | 20201002040202.0 | ||
| 008 | 131204s1963 enk 000 0 spa d | ||
| 040 |
_aDO-SdBNP _bspa _cBNPHU |
||
| 082 |
_axxx _bxxx |
||
| 100 | 1 |
_aTocqueville, Alexis de, _d1805-1859. _969681 |
|
| 245 | 1 | 0 |
_aDe la démocratie en Amérique / _cAlexis de Tocqueville. |
| 260 |
_aParis : _bUnion geénérale D Éditions, _c1963. |
||
| 300 |
_a376 p. ; _c18 cm. |
||
| 490 | 1 |
_aLe Monde en 1018 _v111/112 |
|
| 830 | 0 |
_aLe Monde en 1018 _n111/112 _969682 |
|
| 999 |
_c41977 _d41977 |
||